00680nam a2200169Ia 4500008004100000020001800041050002300059100001600082245008700098260003500185300002200220500012000242650002400362942000700386952010000393999001700493120626s9999 xx 000 0 und d a970-640-287-X04aND259.A75 S34 20051 aSAENZ,Olga.10aEl simbolo y la accion: vida y obra de Gerardo Murillo, DR ATLcautor, Olga Saenz. aMéxicobEl colegio nacional. aXIX, 660 paginas. aContiene: indice de contenido\ prologo\ introduccion\ lista de ilustraciones\ archivos\ hemerografia\ bibliografia.17aPINTORES MEXICANOS. cLB 00104070a07b07d2012-01-27l0oND259.A75 S34 2005p07 003080r2012-06-26t1w2012-06-26yLB c67833d67833